00944 a2200169 45000010006000000050017000060080041000230030015000640400040000790800022001192450030001412500011001712640029001823000019002115050525002301000019007552766620260407155551.0260407a1952 arg spa dAR-UNSa-BCEJYS aAR-UNSa-BCEJYSbspacAR-UNSa-BCEJYS a657xContabilidad10aElementos de Contabilidad a2a. ed 1aBarcelona :bLaborc1952 a400 p.c20 cm. aPARTE I: Generalidades : 1. Definiciones - 2.Los dos métodos de contabilidad - 3. De las diferentes operaciones comerciales por registrar - 4. Clasificaciones y análisis de las cuentas - PARTE II : 1. De los libros de contabilidad : 1. De los diferentes sistemas de teneduria de libros - 2. Primer sistema de teneduria de libros el diario y el mayor - 3. El inventario y el balance - 4. Segundo sistema de teneduria de libros , libros auxiliares - 5. Tercer sistema de teneduria de libros , el sistema centralizador.1 aBatardon, Leon